Top 50 des prénoms garçons et filles années 1940 - Statistiques

Statistiques générales
  • Ce quiz a été pris 83 fois
  • Le résultat moyen est 44 sur 100
Statistiques - réponses
Prénom % Correct
Jean
100%
Marie
95%
Paul
88%
Jacques
86%
Pierre
86%
François
83%
Jeanne
83%
Marc
76%
Michel
76%
Jacqueline
75%
Françoise
71%
Louis
71%
René
69%
Anne
68%
Robert
66%
Bernard
64%
Michelle
64%
Christian
63%
Claude
63%
André
61%
Henri
61%
Marcel
61%
Daniel
59%
Monique
58%
Yves
58%
Jean-Pierre
56%
Philippe
56%
Alain
54%
Paulette
54%
Roger
54%
Andrée
53%
Catherine
53%
Charles
53%
Renée
51%
Yvette
51%
Gérard
49%
Joseph
49%
Michèle
49%
Patrick
49%
Annie
47%
Denis
47%
Dominique
47%
Josette
47%
Martine
47%
Maurice
47%
Danielle
46%
Georges
46%
Thérèse
46%
Antoine
44%
Christiane
44%
Colette
44%
Denise
44%
Claudine
42%
Hélène
42%
Nicole
42%
Simone
42%
Raymond
41%
Guy
39%
Jeannine
39%
Josiane
39%
Lucien
39%
Suzanne
39%
Bernadette
37%
Jean-Claude
37%
Albert
36%
Elisabeth
36%
Francis
36%
Jean-Paul
36%
Madeleine
36%
Chantal
34%
Patrice
32%
Serge
32%
Geneviève
29%
Gilles
29%
Odile
27%
Anne-Marie
25%
Gilbert
25%
Annick
22%
Daniele
22%
Gisèle
22%
Huguette
22%
Jocelyne
22%
Francine
20%
Ginette
20%
Jean-Marie
20%
Mireille
20%
Hubert
19%
Jean-Louis
19%
Micheline
19%
Eliane
15%
Joel
15%
Evelyne
14%
Jacky
14%
Roland
14%
Liliane
12%
Maryse
12%
Arlette
8%
Marie-Thérèse
8%
Richard
8%
Aucun quiz correspondant
Distribution des résultats
% des personnes avec chaque résultat
Percentile par nombre de réponses
Votre historique - résultats
Vous n’avez pas pris ce quiz